Carregant...

Afghanistan a modern history : monarchy, despotism or democracy? : the problems of governance in the Muslim tradition /

Dades bibliogràfiques
Autor principal: Rasanayagam, Angelo
Format: Printed Book
Publicat: London : IB Tauris. 2011.
Matèries:
LEADER 00583nam a22001457a 4500
020 |a 9781850438571 
082 |a 320.5813  |b RAS.A 
100 |a Rasanayagam, Angelo. 
245 |a Afghanistan a modern history :  |b monarchy, despotism or democracy? : the problems of governance in the Muslim tradition /  |c by Angelo Rasanayagam. 
260 |a London :  |b IB Tauris.  |c 2011. 
300 |a 311 p. 
650 |a Afganistan 
942 |c BK 
999 |c 314280  |d 314280 
952 |0 0  |1 0  |4 0  |6 320_581300000000000_RAS_A  |7 0  |8 NFIC  |9 336071  |a POL  |b POL  |c GEN  |d 2020-11-25  |l 0  |o 320.5813 RAS.A  |p POL20110  |r 2020-11-25  |w 2020-11-25  |y BK